14 höchste Berge (Achttausender) - Statistiken

Allgemein
  • Dieses Quiz wurde 186 mal gespielt
  • Das Durchschnittsergebnis liegt bei 7 aus 14
Antwortstatistiken
Rang Höhe Berg % Korrekt
1. 8'848 m Mount Everest
99%
2. 8'611 m K2
95%
4. 8'516 m Lhotse
61%
12. 8'051 m Broad Peak
55%
9. 8'125 m Nanga Parbat
55%
11. 8'080 m Hidden Peak
53%
6. 8'188 m Cho Oyu
46%
8. 8'163 m Manaslu
46%
5. 8'485 m Makalu
44%
3. 8'586 m Kangchendzönga
40%
13. 8'034 m Gasherbrum II
39%
7. 8'167 m Dhaulagiri
36%
14. 8'027 m Shishapangma
36%
10. 8'091 m Annapurna I
31%
Keine übereinstimmenden Quizze gefunden
Verteilung der Resultate
Anzahl Personen mit jedem Resultat
Perzentil nach korrekt beantworteten Fragen
Ihre Resultats-Entwicklung
Sie haben dieses Quiz noch nicht gespielt